000 01037nam a22001937a 4500
999 _c63593
_d63593
003 Ge_BSU
005 20251111201512.0
008 251111s1987 ge ||||| |||| 00| 0 geo d
041 _ageo
080 _a330.101(479.22) ჩ-69
100 _aჩიქავა, ლეო.
_926198
245 _aარამატერიალური წარმოების სფეროს პოლიტეკონომიური ასპექტები /
_cლეო ჩიქავა; [რედ.: მ. გველესიანი] ; საქ სსრ მეცნ. აკად., ეკონომიკისა და სამართლის ინ-ტი
264 _aთბ. :
_bმეცნიერება,
_c1987.
300 _a366 გვ. ;
_b22 სმ.
504 _aბიბლიოგრ. ტექსტის შენიშვნ.
520 _aრეზ. რუს. ენ.
700 _aგველესიანი, მ.
_eრედაქტორი
_926199
942 _2udc
_cᲬᲘᲒᲜᲘ